[Event "DEM U12/U12w 2003"]
[Site "Willingen GER"]
[Date "2003.06.14"]
[Round "11"]
[White "Park, Johannes"]
[Black "Saak, Sandra"]
[Result "1-0"]
[Termination "normal"]
[Board "35"]
[WhiteElo "1396"]
[BlackElo "1361"]
[PlyCount "49"]
[EventCountry "GER"]
[EventRounds "11"]
[EventType "swiss"]
[EventDate "2003.06.07"]

1. d4 Nf6 2. c4 g6 3. Nc3 Bg7 4. e4 d6 5. f3 O-O 6. Be3 e5 7. d5 a5 8. Qd2 Ne8
9. Bd3 Kh8 10. Nge2 f5 11. O-O-O Na6 12. a3 Qe7 13. Kb1 Bd7 14. Rc1 Rb8 15. h4
fxe4 16. Nxe4 Nf6 17. Qxa5 Nxe4 18. Bxe4 Qf7 19. c5 Bf5 20. c6 Bxe4+ 21. fxe4
Rbd8 22. cxb7 Nb8 23. Rxc7 Qe8 24. Rhc1 Rf7 25. Rxf7 1-0

[Event "DEM U12/U12w 2003"]
[Site "Willingen GER"]
[Date "2003.06.14"]
[Round "11"]
[White "Demmler, Julia"]
[Black "Gröger, Eric"]
[Result "0-1"]
[Termination "normal"]
[Board "36"]
[WhiteElo "1385"]
[BlackElo "1265"]
[PlyCount "48"]
[EventCountry "GER"]
[EventRounds "11"]
[EventType "swiss"]
[EventDate "2003.06.07"]

1. e4 c5 2. Nf3 d6 3. d4 cxd4 4. Nxd4 Nf6 5. Nc3 g6 6. Be3 Bg7 7. f3 O-O 8. Qd2
Nc6 9. Bc4 Bd7 10. O-O-O Qa5 11. Kb1 Rfc8 12. Bb3 Ne5 13. g4 Nc4 14. Bxc4 Rxc4
15. h4 Rac8 16. h5 Bxg4 17. fxg4 Rxc3 18. bxc3 Nxe4 19. Qe1 Nxc3+ 20. Kc1 Nxa2+
21. Kb1 Nb4 22. Rh2 Qa2+ 23. Kc1 Bxd4 24. Qxb4 Bxe3+ 0-1

[Event "DEM U12/U12w 2003"]
[Site "Willingen GER"]
[Date "2003.06.14"]
[Round "11"]
[White "Göbel, Florian"]
[Black "Prosch, Julia"]
[Result "1/2-1/2"]
[Termination "normal"]
[Board "37"]
[WhiteElo "1180"]
[BlackElo "1003"]
[PlyCount "41"]
[EventCountry "GER"]
[EventRounds "11"]
[EventType "swiss"]
[EventDate "2003.06.07"]

1. e4 e5 2. Nf3 Nc6 3. d4 exd4 4. Bc4 Bb4+ 5. c3 dxc3 6. Nxc3 Bxc3+ 7. bxc3 Nf6
8. Qb3 O-O 9. Ng5 Ne5 10. Ba3 d6 11. f4 Nxc4 12. Qxc4 h6 13. Nf3 Nxe4 14. O-O
Re8 15. Rae1 Qe7 16. Ne5 Be6 17. Qxe4 d5 18. Bxe7 dxe4 19. Bb4 f6 20. Ng6 f5
21. a4 1/2-1/2

[Event "DEM U12/U12w 2003"]
[Site "Willingen GER"]
[Date "2003.06.14"]
[Round "11"]
[White "Döring, Julia"]
[Black "Mertens, Pauline"]
[Result "1/2-1/2"]
[Termination "normal"]
[Board "38"]
[WhiteElo "1257"]
[BlackElo "1353"]
[PlyCount "133"]
[BlackFideId "24671959"]
[EventCountry "GER"]
[EventRounds "11"]
[EventType "swiss"]
[EventDate "2003.06.07"]

1. e4 c5 2. Nf3 d6 3. d4 cxd4 4. Nxd4 Nf6 5. Nc3 a6 6. Be3 e5 7. Nf3 Be6 8. Bd3
Be7 9. O-O O-O 10. Qd2 Nbd7 11. Rad1 Qc7 12. Rfe1 d5 13. exd5 Nxd5 14. Ra1 Nxc3
15. bxc3 Nf6 16. Bg5 Rac8 17. Nxe5 Qxc3 18. Nf3 Qxd2 19. Bxd2 b5 20. Ng5 Rc6
21. Nxe6 Rxe6 22. Bf5 Rxe1+ 23. Rxe1 Bd6 24. Bd3 Rc8 25. Be3 Bb4 26. Rd1 Nd5
27. Bd4 Nf4 28. Be4 Ne2+ 29. Kf1 Nxd4 30. Rxd4 Rc4 31. Rxc4 bxc4 32. Ke2 c3 33.
Kd3 a5 34. Kc4 h6 35. Kb3 Kf8 36. Bc6 Ke7 37. a3 Bc5 38. a4 Bb4 39. Kc4 Kd6 40.
Bb5 Ke5 41. Kd3 Kf4 42. Ke2 h5 43. h3 h4 44. Be8 f6 45. Bh5 g5 46. Bf3 f5 47.
Bh5 g4 48. Kf1 Kg5 49. Bf7 Kf4 50. Bd5 g3 51. f3 Ke5 52. Bb3 f4 53. Ke1 Kd4 54.
Ke2 Bc5 55. Ba2 Bb4 56. Bb3 Ba3 57. Ba2 Bc1 58. Bg8 Bd2 59. Bf7 Bc1 60. Bg8 Bb2
61. Bf7 Bc1 62. Bg8 Be3 63. Bf7 Bf2 64. Bg8 Be3 65. Bf7 Bd2 66. Bg8 Be3 67. Bf7
1/2-1/2

[Event "DEM U12/U12w 2003"]
[Site "Willingen GER"]
[Date "2003.06.14"]
[Round "11"]
[White "Wisheckel, Lena"]
[Black "Zikeli, Julia"]
[Result "1/2-1/2"]
[Termination "normal"]
[Board "39"]
[WhiteElo "1242"]
[BlackElo "1420"]
[PlyCount "95"]
[WhiteFideId "24691992"]
[BlackFideId "24622753"]
[EventCountry "GER"]
[EventRounds "11"]
[EventType "swiss"]
[EventDate "2003.06.07"]

1. e4 e6 2. d4 d5 3. exd5 exd5 4. Nf3 Nf6 5. Bd3 h6 6. h3 Be6 7. Nc3 c6 8. Bd2
Bd6 9. a3 O-O 10. Ne2 Nbd7 11. O-O Qc7 12. Ng3 Bxg3 13. fxg3 Qxg3 14. Be1 Qc7
15. c3 Ne4 16. Bxe4 dxe4 17. Nh2 Rad8 18. Qe2 f5 19. Bd2 Qb6 20. Bf4 Nf6 21.
Be5 Rd5 22. Kh1 Qb3 23. Rab1 Rd7 24. Rg1 Qc4 25. Qxc4 Bxc4 26. b4 Bd3 27. Rbe1
Nd5 28. Rc1 Nb6 29. Nf1 Nc4 30. Bf4 Nxa3 31. Nd2 Nc2 32. Nb3 Re8 33. Nc5 Rd5
34. Nxb7 e3 35. Nc5 Rxc5 36. dxc5 g5 37. Bg3 f4 38. Be1 h5 39. Kh2 Kh7 40. Rh1
g4 41. hxg4 hxg4 42. Kg1+ Kg6 43. Rh4 Kg5 44. Rh2 f3 45. gxf3 gxf3 46. Rcxc2
Bxc2 47. Rxc2 f2+ 48. Bxf2 1/2-1/2

[Event "DEM U12/U12w 2003"]
[Site "Willingen GER"]
[Date "2003.06.14"]
[Round "11"]
[White "Eckoldt, Katja"]
[Black "van Orsouw, Svenja"]
[Result "1/2-1/2"]
[Termination "normal"]
[Board "40"]
[WhiteElo "979"]
[BlackElo "1311"]
[PlyCount "46"]
[BlackFideId "24677124"]
[EventCountry "GER"]
[EventRounds "11"]
[EventType "swiss"]
[EventDate "2003.06.07"]

1. e4 c5 2. Nf3 d6 3. d4 cxd4 4. Nxd4 Nc6 5. Nxc6 bxc6 6. Nc3 Nf6 7. f3 g6 8.
Be3 Bg7 9. Qd2 O-O 10. O-O-O Be6 11. Kb1 c5 12. g4 Rb8 13. Bh6 Qa5 14. Ka1 Qb4
15. Rb1 Rfd8 16. Bxg7 Kxg7 17. Qe1 Qa5 18. h4 d5 19. exd5 Nxd5 20. Nxd5 Qxe1
21. Rxe1 Rxd5 22. Bc4 Rd6 23. Bxe6 Rxe6 1/2-1/2

[Event "DEM U12/U12w 2003"]
[Site "Willingen GER"]
[Date "2003.06.14"]
[Round "11"]
[White "Mischke, Daniel"]
[Black "Häcker, Katrin"]
[Result "1-0"]
[Termination "normal"]
[Board "41"]
[WhiteElo "1238"]
[BlackElo "1253"]
[PlyCount "69"]
[BlackFideId "24667986"]
[EventCountry "GER"]
[EventRounds "11"]
[EventType "swiss"]
[EventDate "2003.06.07"]

1. e4 e5 2. Nf3 Nc6 3. Bc4 Bc5 4. Nc3 Nf6 5. d3 O-O 6. Bg5 Be7 7. Qd2 d6 8. h3
Be6 9. Bb3 d5 10. Bxf6 d4 11. Bxe7 dxc3 12. Qxc3 Qxe7 13. Nxe5 Qf6 14. Nxc6
Qxc3+ 15. bxc3 Bxb3 16. cxb3 bxc6 17. O-O Rfe8 18. Rfe1 Rad8 19. d4 Rd7 20. f3
Rde7 21. Kf2 g6 22. d5 cxd5 23. exd5 Rxe1 24. Rxe1 Rd8 25. c4 Kf8 26. Ke3 Ke7
27. Kd4+ Kd6 28. c5+ Kd7 29. Kc4 Rc8 30. Kb5 c6+ 31. dxc6+ Rxc6 32. Re7+ Kxe7
33. Kxc6 Kd8 34. Kb7 Kd7 35. c6+ 1-0

[Event "DEM U12/U12w 2003"]
[Site "Willingen GER"]
[Date "2003.06.14"]
[Round "11"]
[White "Billing, Tanja"]
[Black "Becher, Anne"]
[Result "1/2-1/2"]
[Termination "normal"]
[Board "42"]
[WhiteElo "1226"]
[BlackElo "1294"]
[PlyCount "29"]
[WhiteFideId "24647993"]
[EventCountry "GER"]
[EventRounds "11"]
[EventType "swiss"]
[EventDate "2003.06.07"]

1. c4 e5 2. Nc3 Nf6 3. g3 c6 4. Bg2 d5 5. cxd5 cxd5 6. e3 Bf5 7. Nge2 Nc6 8.
Qb3 e4 9. Qxb7 Na5 10. Qa6 Bc8 11. Qb5+ Bd7 12. Qa6 Bc8 13. Qb5+ Bd7 14. Qa6
Bc8 15. Qb5+ 1/2-1/2

[Event "DEM U12/U12w 2003"]
[Site "Willingen GER"]
[Date "2003.06.14"]
[Round "11"]
[White "Penne, Bo"]
[Black "Hort, Maria"]
[Result "1/2-1/2"]
[Termination "normal"]
[Board "43"]
[WhiteElo "1226"]
[BlackElo "966"]
[PlyCount "36"]
[WhiteFideId "24642193"]
[EventCountry "GER"]
[EventRounds "11"]
[EventType "swiss"]
[EventDate "2003.06.07"]

1. e4 c6 2. Nc3 d5 3. Nf3 dxe4 4. Nxe4 Bf5 5. Ng3 Bg6 6. Ne5 Qd6 7. d4 Nd7 8.
Bf4 Nxe5 9. Bxe5 Qb4+ 10. c3 Qxb2 11. Qc1 Qxc1+ 12. Rxc1 e6 13. Ne2 Ba3 14.
Bxg7 Bxc1 15. Bxh8 Ba3 16. Be5 Ne7 17. h4 Bb2 18. Rh3 Bf5 1/2-1/2

[Event "DEM U12/U12w 2003"]
[Site "Willingen GER"]
[Date "2003.06.14"]
[Round "11"]
[White "Schultheiß, Vera"]
[Black "Müller, Anna-Louise"]
[Result "1-0"]
[Termination "normal"]
[Board "44"]
[WhiteElo "1046"]
[BlackElo "821"]
[PlyCount "77"]
[BlackFideId "4633512"]
[EventCountry "GER"]
[EventRounds "11"]
[EventType "swiss"]
[EventDate "2003.06.07"]

1. e4 c5 2. Nf3 d6 3. d4 cxd4 4. Nxd4 Nf6 5. Nc3 g6 6. Be3 Bg7 7. Qd2 O-O 8. f3
Nc6 9. a3 Bd7 10. Nxc6 Bxc6 11. O-O-O Qa5 12. g4 Rac8 13. Rg1 a6 14. h4 b5 15.
Na2 Rb8 16. Qxa5 Bb7 17. Qd2 Rfc8 18. h5 Nd7 19. c3 Ne5 20. Rg3 Nc6 21. Bh6 Na5
22. Qf4 Nb3+ 23. Kc2 Be5 24. Qe3 Nd4+ 25. Rxd4 Bxg3 26. Rd2 Be5 27. f4 Bg7 28.
Bxg7 Kxg7 29. Qd4+ Kg8 30. h6 f6 31. g5 Rf8 32. e5 dxe5 33. fxe5 Rbd8 34. Qf4
f5 35. e6 Be4+ 36. Bd3 Bxd3+ 37. Rxd3 Rxd3 38. Kxd3 Rd8+ 39. Kc2 1-0

[Event "DEM U10/U10w 2003"]
[Site "Willingen GER"]
[Date "2003.06.08"]
[Round "1"]
[White "Rösch, Daniel"]
[Black "Graf, Felix"]
[Result "0-1"]
[Termination "normal"]
[Board "1"]
[WhiteElo "1093"]
[BlackElo "1805"]
[PlyCount "88"]
[BlackFideId "24608904"]
[EventCountry "GER"]
[EventRounds "11"]
[EventType "swiss"]
[EventDate "2003.06.07"]

1. e4 e6 2. d4 d5 3. e5 c5 4. Be3 Nc6 5. Nf3 Qb6 6. b3 cxd4 7. Bxd4 Nxd4 8.
Qxd4 Bc5 9. Qd2 Ne7 10. c4 d4 11. Qb2 Bb4+ 12. Nbd2 Bc3 13. Qb1 Ng6 14. Qc1
Bxa1 15. Qxa1 O-O 16. Nxd4 Nxe5 17. Nc2 Ng4 18. Qd4 Qxd4 19. Nxd4 Rd8 20. N4f3
b6 21. h3 Nf6 22. Be2 Bb7 23. O-O Ne4 24. Nxe4 Bxe4 25. Re1 Rd2 26. a4 Bxf3 27.
Bxf3 Rad8 28. Bg4 R8d3 29. Rb1 f5 30. Bf3 e5 31. Bd5+ Kf8 32. f3 Rd1+ 33. Rxd1
Rxd1+ 34. Kf2 Rb1 35. Be6 g6 36. g4 f4 37. h4 Rxb3 38. c5 Rb2+ 39. Ke1 bxc5 40.
h5 Rb4 41. hxg6 hxg6 42. g5 Rxa4 43. Bd5 Rb4 44. Kd2 Rd4+ 0-1

[Event "DEM U10/U10w 2003"]
[Site "Willingen GER"]
[Date "2003.06.08"]
[Round "1"]
[White "Mihok, Oliver"]
[Black "Spangenberg, Pia"]
[Result "1-0"]
[Termination "normal"]
[Board "2"]
[WhiteElo "1913"]
[BlackElo "1089"]
[PlyCount "55"]
[WhiteFideId "728012"]
[BlackFideId "4627989"]
[EventCountry "GER"]
[EventRounds "11"]
[EventType "swiss"]
[EventDate "2003.06.07"]

1. e4 e5 2. Nf3 Nf6 3. Nxe5 d6 4. Nf3 Nxe4 5. d4 Qe7 6. Be3 d5 7. Nbd2 Bg4 8.
Be2 Qe6 9. Nxe4 Bxf3 10. Ng5 Bxe2 11. Nxe6 Bxd1 12. Nxc7+ Kd8 13. Nxa8 Bxc2 14.
Rc1 Ba4 15. Bf4 Na6 16. Nc7 Bb4+ 17. Ke2 Nxc7 18. Bxc7+ Kd7 19. Be5 Bb5+ 20.
Kf3 f6 21. Rc7+ Ke6 22. Rxb7 a6 23. a4 Bc4 24. Bxf6 Kxf6 25. Rxb4 a5 26. Rb6+
Kf5 27. g4+ Kg5 28. h4# 1-0

[Event "DEM U10/U10w 2003"]
[Site "Willingen GER"]
[Date "2003.06.08"]
[Round "1"]
[White "Braun, Viktoria"]
[Black "Schäfer, Alexander"]
[Result "0-1"]
[Termination "normal"]
[Board "3"]
[WhiteElo "1088"]
[BlackElo "1646"]
[PlyCount "146"]
[BlackFideId "24615196"]
[EventCountry "GER"]
[EventRounds "11"]
[EventType "swiss"]
[EventDate "2003.06.07"]

1. e4 d6 2. d4 g6 3. Nf3 Bg7 4. Nc3 Nf6 5. Bd3 b6 6. Bf4 Bb7 7. Qd2 O-O 8. Bh6
c5 9. d5 Nbd7 10. Bxg7 Kxg7 11. O-O a6 12. Rfe1 b5 13. b3 Rc8 14. Qe2 Nb6 15.
e5 Nfxd5 16. Nxd5 Nxd5 17. Qe4 Qc7 18. Ng5 Nb4 19. Qe3 Nxd3 20. cxd3 Qc6 21.
Qg3 h6 22. Nf3 Rce8 23. Nh4 dxe5 24. Rxe5 Qf6 25. Rae1 Kh7 26. Rxc5 Qd6 27.
Qxd6 exd6 28. Rcc1 Kg7 29. h3 Kf6 30. Kh2 Kg5 31. Kg3 f5 32. f4+ Kf6 33. Nf3
Bxf3 34. Kxf3 Rxe1 35. Rxe1 Rc8 36. Ke3 Re8+ 37. Kd2 Rxe1 38. Kxe1 Ke6 39. Kd2
b4 40. Ke3 Kd5 41. d4 g5 42. g3 Kc6 43. g4 fxg4 44. hxg4 d5 45. f5 Kd6 46. Kf3
Ke7 47. Kg3 Kf6 48. Kf3 h5 49. Kg3 hxg4 50. Kxg4 a5 51. Kg3 Kxf5 52. Kf3 g4+
53. Ke3 g3 54. Kf3 g2 55. Kxg2 Ke4 56. Kf2 Kxd4 57. Ke2 Kc3 58. Kd1 Kb2 59. Kd2
Kxa2 60. Kc2 d4 61. Kc1 Kxb3 62. Kb1 d3 63. Kc1 Kc3 64. Kd1 d2 65. Ke2 Kc2 66.
Ke3 d1=Q 67. Ke4 b3 68. Ke3 b2 69. Ke4 b1=Q 70. Ke3 Qd3+ 71. Kf4 Qbf1+ 72. Kg4
Qg6+ 73. Kh4 Qh1# 0-1

[Event "DEM U10/U10w 2003"]
[Site "Willingen GER"]
[Date "2003.06.08"]
[Round "1"]
[White "Jussupow, Alexander"]
[Black "Kammrad, Caroline"]
[Result "1-0"]
[Termination "normal"]
[Board "4"]
[WhiteElo "1605"]
[BlackElo "1086"]
[PlyCount "123"]
[WhiteFideId "24613509"]
[EventCountry "GER"]
[EventRounds "11"]
[EventType "swiss"]
[EventDate "2003.06.07"]

1. d4 d5 2. Nf3 Nc6 3. e3 a6 4. h3 Nf6 5. Bd3 e6 6. Nbd2 Bd6 7. O-O e5 8. dxe5
Bxe5 9. e4 Be6 10. Re1 O-O 11. exd5 Qxd5 12. Nc4 Bd4 13. c3 b5 14. Nxd4 bxc4
15. Nxe6 fxe6 16. Bc2 Qxd1 17. Rxd1 Rad8 18. Bg5 Rxd1+ 19. Rxd1 h6 20. Bxf6
Rxf6 21. Rd7 Rf7 22. Rxf7 Kxf7 23. f4 Kf6 24. Be4 Ne7 25. Kf2 g5 26. Kf3 Ng6
27. Bxg6 Kxg6 28. g4 gxf4 29. Kxf4 Kf6 30. h4 a5 31. Ke4 a4 32. a3 c6 33. Kd4
e5+ 34. Kxc4 e4 35. Kd4 e3 36. Kxe3 Ke5 37. g5 Kf5 38. gxh6 Kg6 39. h7 Kxh7 40.
Kd4 Kh6 41. Kc5 Kh5 42. Kxc6 Kxh4 43. Kb5 Kg5 44. c4 Kf6 45. c5 Ke6 46. c6 Kd6
47. Kb6 Kd5 48. c7 Ke5 49. c8=Q Kd4 50. Qc5+ Ke4 51. Kb5 Kf4 52. Qd5 Ke3 53.
Kxa4 Kf4 54. b4 Ke3 55. b5 Kf4 56. b6 Ke3 57. b7 Kf4 58. b8=R Ke3 59. Re8+ Kf4
60. Qf7+ Kg5 61. Rg8+ Kh6 62. Qg6# 1-0

[Event "DEM U10/U10w 2003"]
[Site "Willingen GER"]
[Date "2003.06.08"]
[Round "1"]
[White "Bräuer, Franz"]
[Black "Zelbel, Patrick"]
[Result "0-1"]
[Termination "normal"]
[Board "5"]
[WhiteElo "1085"]
[BlackElo "1595"]
[PlyCount "114"]
[WhiteFideId "24634468"]
[BlackFideId "24624322"]
[EventCountry "GER"]
[EventRounds "11"]
[EventType "swiss"]
[EventDate "2003.06.07"]

1. e4 e5 2. Nf3 Nc6 3. Bb5 a6 4. Bxc6 dxc6 5. O-O Bd6 6. Nc3 Ne7 7. d4 exd4 8.
Nxd4 Be5 9. Be3 O-O 10. Nf3 Bxc3 11. bxc3 b6 12. Re1 Bg4 13. Qe2 Qd6 14. Red1
Qg6 15. Bf4 Rae8 16. Rd3 Qf6 17. Bg3 Qe6 18. Re3 Bxf3 19. Rxf3 f5 20. Qxa6 f4
21. Bh4 Ng6 22. Rh3 Qg4 23. f3 Qe6 24. Qa4 Ra8 25. Qb3 Qxb3 26. cxb3 Nxh4 27.
Rxh4 Rad8 28. Kf2 Rd3 29. c4 Rd2+ 30. Kf1 h6 31. Rg4 g5 32. h4 Kg7 33. hxg5 h5
34. Ke1 Rd4 35. Rh4 Kg6 36. Kf2 Rd2+ 37. Kf1 Kxg5 38. Rh3 Rfd8 39. a4 Rb2 40.
a5 bxa5 41. Rxa5+ Kg6 42. Ra1 Rxb3 43. Ra6 Rb1+ 44. Ke2 Rb2+ 45. Ke1 Rd6 46.
Ra5 Rdd2 47. Rc5 Rxg2 48. Rxc6+ Kg5 49. Rc5+ Kf6 50. Rf5+ Ke6 51. Kf1 Rgc2 52.
Re5+ Kxe5 53. Rxh5+ Kf6 54. Rf5+ Ke6 55. Rf6+ Kxf6 56. e5+ Kxe5 57. Ke1 Rb1#
0-1

[Event "DEM U10/U10w 2003"]
[Site "Willingen GER"]
[Date "2003.06.08"]
[Round "1"]
[White "Endreß, Anna"]
[Black "Wild, Katharina"]
[Result "1-0"]
[Termination "normal"]
[Board "6"]
[WhiteElo "1573"]
[BlackElo "1063"]
[PlyCount "89"]
[WhiteFideId "24629472"]
[BlackFideId "24678015"]
[EventCountry "GER"]
[EventRounds "11"]
[EventType "swiss"]
[EventDate "2003.06.07"]

1. e4 c6 2. d4 d5 3. Nc3 e6 4. Nf3 Nd7 5. Bd3 c5 6. exd5 Ndf6 7. dxe6 Bxe6 8.
O-O a6 9. Re1 Bd6 10. Bg5 h6 11. Bh4 Qc7 12. Bg6 Ne7 13. Rxe6 O-O 14. Bxf7+
Rxf7 15. dxc5 Bxc5 16. Bxf6 Rxf6 17. Rxf6 gxf6 18. Ne4 Rd8 19. Qe2 Bb6 20.
Nxf6+ Kf7 21. Ng4 Qf4 22. Nge5+ Kf6 23. Nd3 Qd6 24. Qe5+ Qxe5 25. Nfxe5 Bd4 26.
Nf3 Bxb2 27. Nxb2 Nc6 28. Rd1 Rxd1+ 29. Nxd1 Nb4 30. Kf1 Nxc2 31. Ke2 Nb4 32.
a4 b5 33. axb5 axb5 34. Nd4 Na2 35. Nxb5 Nc1+ 36. Ke3 Nb3 37. f4 h5 38. h3 Nc5
39. g4 hxg4 40. hxg4 Nd7 41. Nf2 Nf8 42. Ne4+ Kg6 43. f5+ Kg7 44. g5 Kf7 45.
Nc5 {es folgte 45...Kh7} 1-0

[Event "DEM U10/U10w 2003"]
[Site "Willingen GER"]
[Date "2003.06.08"]
[Round "1"]
[White "Baisakow, Christine"]
[Black "Schmitt, Philipp"]
[Result "0-1"]
[Termination "normal"]
[Board "7"]
[WhiteElo "1060"]
[BlackElo "1458"]
[PlyCount "108"]
[WhiteFideId "24680052"]
[BlackFideId "24641766"]
[EventCountry "GER"]
[EventRounds "11"]
[EventType "swiss"]
[EventDate "2003.06.07"]

1. e4 e5 2. Nf3 Nc6 3. Bc4 Bc5 4. c3 Nf6 5. d3 d6 6. b4 Bb6 7. a4 a6 8. a5 Ba7
9. Qb3 Qe7 10. O-O O-O 11. h3 Be6 12. Bxe6 Qxe6 13. Qxe6 fxe6 14. Bg5 Ne7 15.
Nbd2 Ng6 16. Nc4 h6 17. Bh4 Nf4 18. Bxf6 Rxf6 19. Ne3 Nxd3 20. Ng4 Rff8 21.
Rad1 Nf4 22. Nh4 Ne2+ 23. Kh1 Nxc3 24. Rc1 Nxe4 25. Rxc7 Ng3+ 26. Kg1 Nxf1 27.
Kxf1 h5 28. Nh2 Rxf2+ 29. Ke1 g5 30. Ng6 Rxg2 31. Nf1 Bf2+ 32. Kd1 Bd4 33. Rxb7
Ra7 34. Rxa7 Bxa7 35. Nd2 g4 36. hxg4 hxg4 37. Ne4 d5 38. Nf6+ Kf7 39. Nh4 Rg1+
40. Ke2 Kxf6 41. Kd2 e4 42. Ke2 e3 43. Kd3 e5 44. Ke2 d4 45. Kd3 e4+ 46. Kc2 e2
47. Kb3 e1=Q 48. Nf3 gxf3 49. Kc4 Qc3+ 50. Kd5 Rg5+ 51. Kd6 Qxb4+ 52. Kc6 Qc5+
53. Kb7 Rg7+ 54. Ka8 Qc8# 0-1

[Event "DEM U10/U10w 2003"]
[Site "Willingen GER"]
[Date "2003.06.08"]
[Round "1"]
[White "Wittke, René"]
[Black "Schäfer, Simon"]
[Result "0-1"]
[Termination "normal"]
[Board "8"]
[WhiteElo "1438"]
[BlackElo "1059"]
[PlyCount "110"]
[WhiteFideId "24640255"]
[EventCountry "GER"]
[EventRounds "11"]
[EventType "swiss"]
[EventDate "2003.06.07"]

1. e4 c5 2. Bc4 d6 3. Nf3 Nc6 4. Nc3 Bd7 5. d3 Nf6 6. Bg5 e6 7. O-O Be7 8. Re1
O-O 9. Re3 Ng4 10. Bxe7 Nxe3 11. Bxd8 Nxd1 12. Rxd1 Rfxd8 13. d4 Nxd4 14. Nxd4
cxd4 15. Rxd4 Bc6 16. Bb5 Rac8 17. Bxc6 Rxc6 18. e5 d5 19. f4 a6 20. f5 exf5
21. Nxd5 Kf8 22. c4 b5 23. b3 bxc4 24. bxc4 Re6 25. Rh4 h6 26. Rh3 Rxe5 27. Kf2
Rc8 28. Nb6 Rc7 29. Ra3 a5 30. Nd5 Rxc4 31. Rxa5 Rc8 32. Rb5 Rd8 33. Nc3 Rxb5
34. Nxb5 Rd2+ 35. Kf1 Rxa2 36. Nd6 f4 37. Nf5 f3 38. Nh4 fxg2+ 39. Nxg2 g5 40.
Kg1 Kg7 41. Ne3 Kg6 42. Nc4 f5 43. Ne5+ Kf6 44. Nd7+ Ke6 45. Nc5+ Ke5 46. Nd3+
Ke4 47. Nc5+ Kf3 48. Nb3 f4 49. Nd4+ Ke4 50. Ne6 f3 51. h3 f2+ 52. Kg2 Ra1 53.
h4 f1=Q+ 54. Kh2 Ra2+ 55. Kg3 Qf3# 0-1

[Event "DEM U10/U10w 2003"]
[Site "Willingen GER"]
[Date "2003.06.08"]
[Round "1"]
[White "Rosenburg, Thies"]
[Black "Friedrich, Wiede"]
[Result "0-1"]
[Termination "normal"]
[Board "9"]
[WhiteElo "1052"]
[BlackElo "1431"]
[PlyCount "60"]
[BlackFideId "24629537"]
[EventCountry "GER"]
[EventRounds "11"]
[EventType "swiss"]
[EventDate "2003.06.07"]

1. e4 e5 2. Nf3 Nc6 3. Bc4 Bc5 4. Nc3 Nf6 5. d3 d6 6. h3 h6 7. Bd2 O-O 8. Nd5
Nxd5 9. Bxd5 Be6 10. Bxc6 bxc6 11. a3 f5 12. exf5 Rxf5 13. b4 Bb6 14. c4 Qe7
15. Be3 e4 16. Nd4 Bxd4 17. Bxd4 exd3 18. O-O Bxc4 19. Re1 Qh4 20. Rc1 Qxd4 21.
Re3 Rxf2 22. Kxf2 Rf8+ 23. Kg1 Qxe3+ 24. Kh2 Qe2 25. Qg1 d2 26. Rc2 Qe5+ 27. g3
Qe2+ 28. Qg2 Rf2 29. Qxf2 Qxf2+ 30. Kh1 Bd5# 0-1

[Event "DEM U10/U10w 2003"]
[Site "Willingen GER"]
[Date "2003.06.08"]
[Round "1"]
[White "Gadschisade, Machmud"]
[Black "Osmanodja, Filiz"]
[Result "1-0"]
[Termination "normal"]
[Board "10"]
[WhiteElo "1428"]
[BlackElo "1051"]
[PlyCount "93"]
[WhiteFideId "4647734"]
[BlackFideId "24633569"]
[EventCountry "GER"]
[EventRounds "11"]
[EventType "swiss"]
[EventDate "2003.06.07"]

1. e4 c5 2. Ne2 d6 3. g3 Nf6 4. Bg2 g6 5. O-O Bg7 6. c3 Nc6 7. d4 cxd4 8. Nxd4
O-O 9. Be3 Bd7 10. f4 a6 11. Qb3 Rb8 12. f5 Kh8 13. Nd2 Qc7 14. Qc2 Rbc8 15.
Qd1 b5 16. Rc1 Rb8 17. a3 a5 18. b4 a4 19. c4 Qa7 20. Nc2 Qa6 21. c5 Ne5 22.
Qe2 Rbc8 23. Bd4 Nc6 24. cxd6 Nxd4 25. Nxd4 exd6 26. Qd3 Qb6 27. N2f3 Bh6 28.
Rxc8 Rxc8 29. Kh1 Ng4 30. h3 Ne3 31. Re1 Nxg2 32. Kxg2 Rc4 33. Rd1 Qc7 34. Ne2
Bf8 35. Nd2 Rc2 36. Kf2 Qb6+ 37. Kf1 Rc7 38. g4 Be7 39. Qd5 Bh4 40. Nd4 Bc6 41.
Qa2 Rc8 42. N2f3 Be7 43. Qxf7 Re8 44. fxg6 hxg6 45. Qxg6 Bd7 46. Ne6 Bxe6 47.
Qxe8+ 1-0

[Event "DEM U10/U10w 2003"]
[Site "Willingen GER"]
[Date "2003.06.08"]
[Round "1"]
[White "Schätz, Annika"]
[Black "Boos, Philipp"]
[Result "0-1"]
[Termination "normal"]
[Board "11"]
[WhiteElo "1037"]
[BlackElo "1414"]
[PlyCount "56"]
[WhiteFideId "24674796"]
[EventCountry "GER"]
[EventRounds "11"]
[EventType "swiss"]
[EventDate "2003.06.07"]

1. e4 d5 2. exd5 Qxd5 3. Nc3 Qa5 4. d4 Bf5 5. Nf3 c6 6. Bc4 e6 7. O-O Nf6 8.
Bd2 Nbd7 9. Nd5 Qd8 10. Nxf6+ gxf6 11. Re1 Bd6 12. d5 cxd5 13. Bxd5 Qc7 14. Rc1
Ne5 15. Nxe5 Bxe5 16. Bb3 O-O-O 17. Re3 Kb8 18. h3 Bf4 19. Re2 Rhg8 20. Qe1
Bxd2 21. Rxd2 Rxd2 22. Qxd2 Bxh3 23. Qe3 Bxg2 24. c4 Bh3+ 25. Kh1 Qc6+ 26. f3
Bg2+ 27. Kh2 Qd6+ 28. f4 Qf8 0-1

[Event "DEM U10/U10w 2003"]
[Site "Willingen GER"]
[Date "2003.06.08"]
[Round "1"]
[White "Wang, Zhangxian"]
[Black "Gheng, Michael Dan"]
[Result "1-0"]
[Termination "normal"]
[Board "12"]
[WhiteElo "1400"]
[BlackElo "1016"]
[PlyCount "55"]
[EventCountry "GER"]
[EventRounds "11"]
[EventType "swiss"]
[EventDate "2003.06.07"]

1. e4 c5 2. Nf3 Nc6 3. d4 cxd4 4. Nxd4 Nxd4 5. Qxd4 d6 6. Nc3 Bd7 7. Bc4 Nf6 8.
Bg5 e5 9. Qd3 Be7 10. O-O O-O 11. Bxf6 Bxf6 12. Qxd6 Rc8 13. Rad1 Rxc4 14. Qxd7
Rc7 15. Qxd8 Rxd8 16. Nd5 Rcc8 17. Nxf6+ gxf6 18. c3 b5 19. Rd5 Rxd5 20. exd5
a5 21. a3 Rc4 22. d6 Rc5 23. Rd1 Kf8 24. d7 Rc4 25. d8=Q+ Kg7 26. Rd3 Re4 27.
Rg3+ Kh6 28. Qd2+ 1-0

[Event "DEM U10/U10w 2003"]
[Site "Willingen GER"]
[Date "2003.06.08"]
[Round "1"]
[White "Höfer, Michael"]
[Black "Wilke, Friedrich"]
[Result "0-1"]
[Termination "normal"]
[Board "13"]
[WhiteElo "1003"]
[BlackElo "1340"]
[PlyCount "46"]
[WhiteFideId "24668850"]
[EventCountry "GER"]
[EventRounds "11"]
[EventType "swiss"]
[EventDate "2003.06.07"]

1. e4 g6 2. Nf3 Bg7 3. d4 c6 4. Nc3 e6 5. Bd3 d5 6. e5 Ne7 7. Ne2 O-O 8. c3 a5
9. O-O Nd7 10. Be3 b6 11. Qd2 f6 12. exf6 Nxf6 13. Nf4 Ng4 14. Rae1 Nxe3 15.
Rxe3 Rxf4 16. Rxe6 Rxf3 17. Rxe7 Qxe7 18. gxf3 Bh3 19. Re1 Qh4 20. Be2 Bh6 21.
f4 Bxf4 22. Qd3 Qg5+ 23. Kh1 Qg2# 0-1